01765nab a22003257a 4500999001500000003000400015005001700019008004100036040000700077100003300084245019000117260007300307300001500380500002600395505043200421505008200853650002300935650003900958650002600997650003701023650003101060650003101091650003101122650003101153650001901184650003601203700003001239773015701269942001301426 c5276d5276OSt20250211140805.0190429b xxu||||| |||| 00| 0 spa d cPJ aTimpanaro, Berenice L.9633210aEjecución penal de crímenes de lesa humanidad y genocidio en la Argentina. Criterios específicos y participación de las víctimas / cBerenice L. Timpanaro, Julieta Colantuono. cCiudad Autónoma de Buenos Aires :aThomson Reuters La Ley, b2025. ap. 183-198 aCita: AR/DOC/73/2025. aSumario: I. Introducción.— II. El derecho penal internacional como marco normativo para la ejecución penal de condenas por delitos de genocidio y de lesa humanidad.— III. Estándares internacionales de la participación de la víctima en procesos judiciales de graves violaciones a los derechos humanos y la regulación local.— IV. Jurisprudencia.— V. Reflexiones finales.— VI. Referencias bibliográficas.  tSi te interesa el texto completo, solicitalo a koha@justierradelfuego.gov.ar  09343aDERECHO PENAL 096334aCRÍMENES DE LESA HUMANIDAD 09614aDERECHOS HUMANOS 09653aDERECHO INTERNACIONAL PENAL 092954aLIBERTAD CONDICIONAL 094378aDERECHO A SER OÍDO 094065aPRISION DOMICILIARIA 093047aVÍCTIMA DEL DELITO 092784aQUERELLA 096335aCORTE PENAL INTERNACIONAL 96333aColantuono, Julieta0 0265893164tRevista de derecho penal y criminología. Nº 1 - Febrero 2025dCiudad Autónoma de Buenos Aires : Thomson Reuters La Ley, 2017-x00347914 2udccANA